The Linda Ridell Hoffman collection of Chinese snuff bottles.

Saved in:
Bibliographic Details
Corporate Author: Bonhams (Firm : 2001)
Format: Book
Language:English
Chinese
Published: New York: Bonhams & Butterfields Auctioneers Corp., 2011.
Subjects:
Tags: Add Tag
No Tags, Be the first to tag this record!
LEADER 00874nam a2200289Ka 4500
001 014398975-8
005 20150602221826.0
008 110615s2011 enka c 000 0 eng d
024 8 |a 19263 
033 0 |a 20110322 
035 0 |a ocn730953418 
040 |a NGA  |c NGA 
041 0 |a eng  |a chi 
042 |a scipio 
090 |a B714 
110 2 |a Bonhams (Firm : 2001) 
245 1 4 |a The Linda Ridell Hoffman collection of Chinese snuff bottles. 
260 |a New York:  |b Bonhams & Butterfields Auctioneers Corp.,  |c 2011. 
300 |a 81 p. :  |b ill. (chiefly col.);  |c 27 cm. 
500 |a Introduction and lot entries in English and Chinese. 
518 |a Place of sale: New York. 
518 |a Date of sale: March 22, 2011. 
546 |a English and Chinese. 
653 |a Linda Ridell Hoffman Collection 
655 7 |a Auction catalogs.  |2 aat 
988 |a 20150604 
906 |0 OCLC